Actas de Derecho Industrial y Derecho de Autor (2015-2016) Tomo XXXVI

Bibliographic Details
Format: eBook
Language:Spanish
Published: Madrid: Marcial Pons, 2016
Series:Actas de Derecho Industrial y Derecho de Autor
Subjects:
Online Access:Acceso restringido

MARC

LEADER 00000nam a22000007a 4500
005 20170221211849.0
007 cr|||| ||||
008 170221s2016 es |||||s|||| 00||0 spa d
020 |a 1139-3289 
035 |a 14733 
040 |a vLex 
090 |c 6559  |d 6559 
245 0 0 |a Actas de Derecho Industrial y Derecho de Autor (2015-2016)  |h [Recurso electrn̤ico] /  |n Tomo XXXVI 
256 |a Servicio en ln̕ea 
260 |a Madrid:  |b Marcial Pons,  |c 2016 
300 |a 1 recurso electrn̤ico 
490 0 |a Actas de Derecho Industrial y Derecho de Autor 
506 1 |a Disponible solo en los productos indicados  |d vLex Global  |d vLex Global (Academic Edition, excluding Law Schools)  |d vLex Global (U.S. Academic Edition, Law Schools)  |d vLex Global (U.S. Academic Edition, excluding Law Schools)  |d vLex Global (Academic Edition, Law Schools) 
650 0 4 |a Derecho Mercantil y de la Empresa  |z Espaą 
740 0 |a vLex Libros (Servicio en ln̕ea) 
856 4 0 |u http://vlex.com/source/actas-derecho-industrial-derecho-autor-xxxvi-14733  |z Acceso restringido 
942 |c BOOK 
999 0 |a Commercial and Company Law